000
00340nam a2200133Ia 4500
008
100328s9999 xx 000 0 und d
082
_b
29291
100
_a
आपटे ह.ना.
245
_a
मयान्ह
260
_b
आर्यभूषण
630
_a
मयान्ह
730
_a
मयान्ह
942
_c
BOOK
999
_c
520333
_d
520330